Statistics for Tudor Trivia (Hard)

Click here to take the quiz!

General Stats

  • This quiz has been taken 33 times
  • The average score is 10 of 85

Answer Stats

HintAnswer% Correct
Henry VIII's MotherElizabeth of York
77%
Anne Boleyn's Birthyear1501-1507
53%
Henry VIII's Sister (Queen of France)Mary Tudor
47%
Jane Seymour's Birthyear1509
43%
Catherine Howard's Birthyear~1523
40%
Henry's Second DaughterElizabeth I
40%
Henry VIII's Sister (Queen of Scotland)Margaret Tudor
40%
Henry's First DaughterMary I
40%
Catherine Parr's Birthyear1512
33%
How did she die?Beheaded on charges of adultery, treason, and incest
33%
How did Catherine Howard die?Beheaded on charges of adultery and treason
30%
Catherine of Aragon's MotherIsabella I of Castille
30%
How did she die?Puerperal Fever, probably caused by an infection after Childbirth
30%
Where did Anne Boleyn die?The Tower of London
23%
Where did Catherine Howard die?The Tower of London
23%
Henry's Second Legitimate SonEdward VI
20%
Anne Boleyn's SisterMary Boleyn
20%
Henry VIII's Brother (Prince of Wales)Arthur Tudor, Prince of Wales
17%
Henry's Enemy (Scottish King)James IV of Scotland
17%
How did he die?Beheaded
13%
How did he die?Beheaded
13%
Thomas (b. 1485)Cromwell
13%
Thomas (b. 1478)More
13%
Catherine of Aragon's Birthday16th December 1485
10%
In what battle was he killed?Battle of Flodden
10%
Catherine of Aragon's NephewCharles V, Holy Roman Emperor
10%
Illegitimate Son's MotherElizabeth 'Bessie' Blount
10%
Catherine of Aragon's FatherFerdinand II of Aragon
10%
Anne Boleyn's BrotherGeorge Boleyn, 2nd Viscount Rochford
10%
Henry's Enemy (Protestant Reformer)Martin Luther
10%
How did Catherine Parr die?Puerperal Fever
10%
Illness that ravished London In 1528, infecting several of those closest to HenrySweating Sickness
10%
Henry's prized warshipThe Mary Rose
10%
Thomas (b. 1473)Wolsey
10%
Henry VIII's Birthday28th June 1491
7%
How did he die?Burned at the Stake
7%
How is it thought that Anne of Cleves died?Cancer
7%
Henry VIII's Best Friend of ~40 years/ Brother-In-LawCharles Brandon, 1st Duke of Suffolk
7%
Thomas (b. 1489)Cranmer
7%
Henry VIII's FatherEdward IV
7%
Where did Jane Seymour die?Hampton Court Palace
7%
How did she die?Heart Cancer
7%
Henry's Enemy (King of France)King Francis I of France
7%
Catherine Howard's FatherLord Edmund Howard
7%
Born When? (mm/yyyy)September 1486
7%
Born When? (yyyy)1499
3%
Born When?18th March 1496
3%
Died When?18th October 1541
3%
Died When?19th June 1500
3%
Anne of Cleves' Birthday22nd September 1515
3%
Died When25th June 1533
3%
Born When?28th November 1489
3%
Died When?2nd April 1502
3%
Anne of Cleves' MotherDutchess Maria of Jülich-Berg
3%
Henry VIII's Brother (Died Young)Edmund Tudor, Duke of Somerset
3%
Anne Boleyn's MotherElizabeth Boleyn, Countess of Wiltshire
3%
Henry's First Legitimate SonHenry, Duke of Cornwall
3%
Award received for his pamphlet condemning said reformer's ideological teachingsFidei Defensor [Defender of the Faith]
3%
Jane Seymour's MotherMargery Wentworth
3%
Catherine Parr's MotherMaud Green, Lady Parr
3%
Jane Seymour's FatherSir John Seymour, Knight Banneret
3%
Anne Boleyn's FatherThomas Boleyn, 1st Earl of Wiltshire
3%
On which date?9th September 1513
0%
Where was Catherine of Aragon born?Archbishop's Palace of Alcalá de Henares
0%
Where was Catherine Parr born?Blackfriars, London
0%
Where was Anne Boleyn born?Blickling Hall, Norfolk
0%
His FatherCharles, Count of Angoulême
0%
Where did Anne of Cleves die?Chelsea Manor
0%
His Wife (m. 1514-1524)Claude of France
0%
Where was Anne of Cleves born?Düsseldorf, Germany
0%
His Wife (m. 1530-1547)Eleanor of Austria
0%
Henry's Only Confirmed Illegitimate SonHenry FitzRoy, Duke of Richmond and Somerset
0%
Seat of the BoleynsHever Castle, Edenbridge
0%
Crime of asserting legatine or papal authority, in England, in an effort to question or undermine the supremacy of the CrownPraeminure
0%
Catherine Howard's MotherJocasta "Joyce" Culpeper, of Oxon Hoath
0%
Anne of Cleves' FatherJohn III, Duke of Cleves and Count of Mark
0%
Where did Catherine of Aragon die?Kimbolton House
0%
Where was Catherine Howard born?Lambeth, London
0%
His MotherLouise of Savoy
0%
Where was Henry born?Palace of Placentia
0%
Henry's Enemy (Excommunicated him and condemned his first divorce in 1538)Pope Paul III
0%
How did he die?Sickness
0%
Catherine Parr's FatherSir Thomas Parr, of Kendal and Westmorland
0%
Where did Catherine Parr die?Sudeley Castle
0%
Where was Jane Seymour born?Wolf Hall, Wiltshire
0%

Score Distribution

Percentile by Number Answered

Percent of People with Each Score

Your Score History

You have not taken this quiz